Public private partnership: Primary school education and panchayati raj leadership in Haryana (Record no. 79882)

000 -LEADER
fixed length control field 01309pab a2200217 454500
008 - FIXED-LENGTH DATA ELEMENTS--GENERAL INFORMATION
fixed length control field 180718b2008 xxu||||| |||| 00| 0 eng d
100 ## - MAIN ENTRY--PERSONAL NAME
Personal name Malik, A.S.
245 ## - TITLE STATEMENT
Title Public private partnership: Primary school education and panchayati raj leadership in Haryana
260 ## - PUBLICATION, DISTRIBUTION, ETC.
Date of publication, distribution, etc. 2008
300 ## - PHYSICAL DESCRIPTION
Extent p.685-698.
362 ## - DATES OF PUBLICATION AND/OR SEQUENTIAL DESIGNATION
Dates of publication and/or sequential designation Jul-Sep
520 ## - SUMMARY, ETC.
Summary, etc. It is true that the panchayati raj leadership is not adequately empowered if their social, educational and economic background is taken into consideration. Besides this they are also not experienced local leaders. Therefore, they can not assert the claims of stakeholders in Public Private Partnership (PPP). But the launching of PPP for qualitative primary education in Haryana has provided the opportunity to the panchayati raj leaders not only to avail the qualitative primary education at their door step but also gain experience through this programme which will help them to be more effective leaders of the future. - Reproduced.
650 ## - SUBJECT ADDED ENTRY--TOPICAL TERM
Topical term or geographic name entry element Primary education - India - Haryana
650 ## - SUBJECT ADDED ENTRY--TOPICAL TERM
Topical term or geographic name entry element Education - India - Haryana
650 ## - SUBJECT ADDED ENTRY--TOPICAL TERM
Topical term or geographic name entry element Panchayat - India - Haryana
650 ## - SUBJECT ADDED ENTRY--TOPICAL TERM
Topical term or geographic name entry element Public private partnership - India - Haryana
650 ## - SUBJECT ADDED ENTRY--TOPICAL TERM
Topical term or geographic name entry element Public private partnership
773 ## - HOST ITEM ENTRY
Main entry heading Indian Journal of Public Administration
908 ## - PUT COMMAND PARAMETER (RLIN)
Put command parameter N
909 ## -
-- 79882
Holdings
Withdrawn status Lost status Damaged status Not for loan Permanent Location Current Location Date acquired Serial Enumeration / chronology Barcode Date last seen Price effective from Koha item type
        Indian Institute of Public Administration Indian Institute of Public Administration 2018-07-19 Volume no: 54, Issue no: 3 AR80342 2018-07-19 2018-07-19 Articles

Powered by Koha